00526nam a2200193 a 4500001001300000003000900013005001700022008004100039020002300080082001500103100002300118245004800141260004200189300000900231500003500240505001000275650002400285700002300309nice12345678IN_TiNIC20260116014627.0070312s2004 newa grp 000 0 eng  a8177557815 c85000a954.8bNAI aNainar, S M Husayn aSouthern India as Known to Arab Geographers aNew Delhi bCosmo Publications c2004 a241p aincludes index and biblioraphy2 aIndex aSouth India-History1 aNainar, S M Husayn